|
|
|
|
| LEADER |
00876nam a22002297a 4500 |
| 001 |
5921 |
| 003 |
BD-DhAAL |
| 005 |
20230814121356.0 |
| 008 |
150110s1976 bg ||||| |||| 00| 0 ben d |
| 040 |
|
|
|a BD-DhAAL
|c BD-DhAAL
|
| 082 |
|
|
|2 22
|a 510
|
| 245 |
|
|
|a গণিতশাস্ত্র :
|b পরিভাষাকোষ /
|c বাংলা একাডেমী.
|
| 246 |
|
|
|a Terminology of mathematics
|
| 260 |
|
|
|a ঢাকা :
|b বাংলা একাডেমী,
|c ১৯৭৬
|
| 300 |
|
|
|a ৬৩ পৃ. :
|c ২১ সে. মি.
|
| 541 |
|
|
|e 5921
|
| 650 |
|
|
|a Mathematics.
|9 6159
|
| 710 |
|
|
|a বাংলা একাডেমী.
|9 7280
|
| 852 |
|
|
|a Ayesha Abed Library
|
| 942 |
|
|
|2 ddc
|c BK
|
| 999 |
|
|
|c 33439
|d 33439
|
| 952 |
|
|
|0 0
|1 0
|2 ddc
|4 0
|6 510_000000000000000_GAN
|7 0
|9 44697
|a BRACUL
|b BRACUL
|c GEN
|d 2015-01-10
|l 0
|o 510 GAN
|p 3010005921
|r 2015-01-10
|t 1
|w 2015-01-10
|y BK
|